Studies in history & politics (Record no. 80728)

MARC details
000 -LEADER
fixed length control field 00647cam a22002291 4500
001 - CONTROL NUMBER
control field sa 68005421
003 - CONTROL NUMBER IDENTIFIER
control field DLC
005 - DATE AND TIME OF LATEST TRANSACTION
control field 20260227112508.0
008 - FIXED-LENGTH DATA ELEMENTS--GENERAL INFORMATION
fixed length control field 710915s1958 ii b 00010 eng
010 ## - LIBRARY OF CONGRESS CONTROL NUMBER
LC control number sa 68005421 //r97
040 ## - CATALOGING SOURCE
Original cataloging agency DLC
Transcribing agency DLC
Modifying agency DLC
043 ## - GEOGRAPHIC AREA CODE
Geographic area code a-ii---
050 00 - LIBRARY OF CONGRESS CALL NUMBER
Classification number D16.8
Item number .M33
100 10 - MAIN ENTRY--PERSONAL NAME
Personal name Mathur, Ramesh Narain.
245 10 - TITLE STATEMENT
Title Studies in history & politics
Statement of responsibility, etc. [by] R. N. Mathur. Revised by D. R. Bhandari.
260 0# - PUBLICATION, DISTRIBUTION, ETC.
Place of publication, distribution, etc. Agra,
Name of publisher, distributor, etc. L. N. Agarwal
Date of publication, distribution, etc. [1958]
300 ## - PHYSICAL DESCRIPTION
Extent 193 p.
Dimensions 19 cm.
504 ## - BIBLIOGRAPHY, ETC. NOTE
Bibliography, etc. note Includes bibliographies.
650 #0 - SUBJECT ADDED ENTRY--TOPICAL TERM
Topical term or geographic name entry element History
General subdivision Philosophy.
651 #0 - SUBJECT ADDED ENTRY--GEOGRAPHIC NAME
Geographic name India
General subdivision History.
700 10 - ADDED ENTRY--PERSONAL NAME
Personal name Bhandari, Des Raj.

No items available.

Powered by Koha